This new life of yours / (Record no. 5691)

MARC details
000 -LEADER
fixed length control field 00506nam a22001817a 4500
003 - CONTROL NUMBER IDENTIFIER
control field GBCCL
005 - DATE AND TIME OF LATEST TRANSACTION
control field 20241126110547.0
008 - FIXED-LENGTH DATA ELEMENTS--GENERAL INFORMATION
fixed length control field 180404b ||||| |||| 00| 0 eng d
040 ## - CATALOGING SOURCE
Transcribing agency gbc
082 ## - DEWEY DECIMAL CLASSIFICATION NUMBER
Classification number 248.24
Item number LOC
100 ## - MAIN ENTRY--PERSONAL NAME
Personal name Lockerbie, Jeannie
9 (RLIN) 10277
245 ## - TITLE STATEMENT
Title This new life of yours /
Statement of responsibility, etc. Jeannie Lockerbie
260 ## - PUBLICATION, DISTRIBUTION, ETC.
Place of publication, distribution, etc. Bombay:
Name of publisher, distributor, etc. Gospel Literature Service,
Date of publication, distribution, etc. 1979
300 ## - PHYSICAL DESCRIPTION
Extent 110 p.;
Dimensions 18 cm.
650 ## - SUBJECT ADDED ENTRY--TOPICAL TERM
Topical term or geographic name entry element Conversion
Form subdivision Bible teaching
9 (RLIN) 10278
650 ## - SUBJECT ADDED ENTRY--TOPICAL TERM
Topical term or geographic name entry element Christian life
9 (RLIN) 183
942 ## - ADDED ENTRY ELEMENTS (KOHA)
Source of classification or shelving scheme Dewey Decimal Classification
Koha item type Books
Koha issues (borrowed), all copies 2
Holdings
Withdrawn status Lost status Source of classification or shelving scheme Damaged status Not for loan Home library Current Library Shelving location Date acquired Total checkouts Full call number Barcode Date last seen Date last checked out Copy number Price effective from Koha item type
    Dewey Decimal Classification     GRACE BIBLE COLLEGE GRACE BIBLE COLLEGE Ministry & Mission 2018-04-04 2 248.24 LOC 002551 2025-05-01 2023-02-16 c.1 2018-04-04 Books
© Grace Bible College Library 2025